Nathaniel Hawthorne / (Record no. 186060)

MARC details
000 -LEADER
campo de control de longitud fija 01090nam a2200277 i 4500
001 - NÚMERO DE CONTROL
campo de control 186060
003 - IDENTIFICADOR DE NÚMERO DE CONTROL
campo de control ES-MaACL
005 - FECHA Y HORA DE LA ÚLTIMA TRANSACCIÓN
campo de control 20251222205648.0
008 - DATOS DE LONGITUD FIJA--INFORMACIÓN GENERAL
campo de control de longitud fija 160906s1963 sp |||| |cspa d
100 1# - ENTRADA PRINCIPAL--NOMBRE DE PERSONA
Nombre de persona Waggoner, Hyatt Howe.
9 (RLIN) 160738
245 10 - MENCIÓN DEL TÍTULO
Título Nathaniel Hawthorne /
Mención de responsabilidad, etc. [por Hyat H. Waggoner] .
Resto del título John dos Passos / [por Robert Gorham Davis] . F. Scott Fitzgerald / [por Charles E. Shain] ; [traducción Ángela Figueroa].
260 ## - PUBLICACIÓN, DISTRIBUCIÓN, ETC.
Lugar de publicación, distribución, etc. Madrid :
Nombre del editor, distribuidor, etc. Gredos,
Fecha de publicación, distribución, etc. 1963.
300 ## - DESCRIPCIÓN FÍSICA
Extensión 165 p. ;
Dimensiones 20 cm.
490 1# - MENCIÓN DE SERIE
Mención de serie Tres escritores norteamericanos ;
Designación de volumen o secuencia 5
600 14 - PUNTO DE ACCESO ADICIONAL DE MATERIA--NOMBRE DE PERSONA
Nombre de persona Hawthorne, Nathaniel.
9 (RLIN) 62176
600 04 - PUNTO DE ACCESO ADICIONAL DE MATERIA--NOMBRE DE PERSONA
Nombre de persona Dos Passos, John,
Fechas asociadas al nombre 1896-1970
9 (RLIN) 45444
600 14 - PUNTO DE ACCESO ADICIONAL DE MATERIA--NOMBRE DE PERSONA
Nombre de persona Fitzgerald, F. Scott,
Fechas asociadas al nombre 1896-1940
9 (RLIN) 242640
650 #4 - PUNTO DE ACCESO ADICIONAL DE MATERIA--TÉRMINO DE MATERIA
Término de materia o nombre geográfico como elemento de entrada Literatura norteamericana-
Subdivisión general Historia y crítica.
9 (RLIN) 14643
700 1# - ENTRADA AGREGADA--NOMBRE PERSONAL
Nombre de persona Davis, Robert Gorham.
9 (RLIN) 160739
700 1# - ENTRADA AGREGADA--NOMBRE PERSONAL
Nombre de persona Shain, Charles E.
9 (RLIN) 160740
700 0# - ENTRADA AGREGADA--NOMBRE PERSONAL
Nombre de persona Figuera Aymerich, Angela,
Fechas asociadas al nombre 1902-1984
9 (RLIN) 50755
830 1# - PUNTO DE ACCESO ADICIONAL DE SERIE-TÍTULO UNIFORME
Título uniforme Tres escritores norteamericanos ;
Designación de volumen o secuencia 5
9 (RLIN) 192479
852 ## - LOCALIZACIÓN
Ubicación ES-MaACL
Número de control de estantería E-4854
852 ## - LOCALIZACIÓN
Ubicación ES-MaACL
Número de control de estantería E-5542
Holdings
Estatus retirado Estado de pérdida Estado de daño No para préstamo Biblioteca de origen Biblioteca actual Ubicación en estantería Fecha de adquisición Fuente de adquisición Total de préstamos Signatura topográfica completa Código de barras Visto por última vez Precio de reemplazo Tipo de ítem Koha
        Biblioteca del Ateneo de Madrid Biblioteca del Ateneo de Madrid Depósito 2 06/09/2016     E-5542 1196166 23/02/2023 23/02/2023 Libro impreso
        Biblioteca del Ateneo de Madrid Biblioteca del Ateneo de Madrid Depósito 2 06/09/2016     E-4854 1196155 23/02/2023 23/02/2023 Libro impreso